| 000 | 00701nam a2200241Ia 4500 | ||
|---|---|---|---|
| 003 | OSt | ||
| 005 | 20220918182326.0 | ||
| 006 | a|||||r|||| 00| 0 | ||
| 007 | ta | ||
| 008 | 220917b |||||||| |||| 00| 0 eng d | ||
| 024 | _a31,933 | ||
| 037 | _cTextual | ||
| 040 |
_aARTS _cARTS _beng |
||
| 041 |
_2eng _aeng |
||
| 082 | _aO111,3M19:g(Q), L3 | ||
| 100 | _aHardy Barbara | ||
| 245 | 0 |
_aRituals and feeling in the novels of George Eliot _b the W D Thomas Memorial lecture |
|
| 260 |
_aSwansea _bUniv Colledge Of Swansea _c1973 |
||
| 300 |
_a15p. _ccm. |
||
| 650 | _aENGLISH LITERATURE | ||
| 942 |
_hO111,3M19:g(Q), L3 _cTEXL _2CC |
||
| 999 |
_c168571 _d168571 |
||